RICS global real estate weekly (Record no. 113830)

MARC details
000 -LEADER
fixed length control field 01079cad a22002655a 4500
001 - CONTROL NUMBER
control field L155795
008 - FIXED-LENGTH DATA ELEMENTS--GENERAL INFORMATION
fixed length control field 120417e20120217xxkd f s 000 0 eng d
035 ## - SYSTEM CONTROL NUMBER
System control number (Sirsi) u155795
041 0# - LANGUAGE CODE
Language code of text/sound track or separate title eng
110 2# - MAIN ENTRY--CORPORATE NAME
Corporate name or jurisdiction name as entry element Royal Institution of Chartered Surveyors
Subordinate unit Economics
9 (RLIN) 5033
245 00 - TITLE STATEMENT
Title RICS global real estate weekly
Remainder of title 9 March 2012
Medium [electronic resource]
260 ## - PUBLICATION, DISTRIBUTION, ETC.
Place of publication, distribution, etc. London
Name of publisher, distributor, etc. RICS
Date of publication, distribution, etc. 2012
490 #0 - SERIES STATEMENT
Series statement RICS Global Real Estate Weekly
Volume/sequential designation 9 March 2012
520 ## - SUMMARY, ETC.
Summary, etc. Weaker German housing market ahead. US commercial property attracting capital inflows. Australian mortgage approvals picking up modestly. Real estate activity looks to soften in Singapore as the economy slows.
590 ## - LOCAL NOTE (RLIN)
Local note KA
650 24 - SUBJECT ADDED ENTRY--TOPICAL TERM
Topical term or geographic name entry element RICS GLOBAL REAL ESTATE WEEKLY
651 #4 - SUBJECT ADDED ENTRY--GEOGRAPHIC NAME
Geographic name Singapore
651 #4 - SUBJECT ADDED ENTRY--GEOGRAPHIC NAME
Geographic name Germany
651 #4 - SUBJECT ADDED ENTRY--GEOGRAPHIC NAME
Geographic name Australia
651 #4 - SUBJECT ADDED ENTRY--GEOGRAPHIC NAME
Geographic name United States
690 ## - LOCAL SUBJECT ADDED ENTRY--TOPICAL TERM (OCLC, RLIN)
Topical term or geographic name as entry element Residential property
9 (RLIN) 6266
690 ## - LOCAL SUBJECT ADDED ENTRY--TOPICAL TERM (OCLC, RLIN)
Topical term or geographic name as entry element Commercial property
9 (RLIN) 6227
856 40 - ELECTRONIC LOCATION AND ACCESS
Uniform Resource Identifier <a href="https://www.rics.org/site/download_feed.aspx?fileID=11588&fileExtension=PDF">https://www.rics.org/site/download_feed.aspx?fileID=11588&fileExtension=PDF</a>
Public note View the report free of charge at www.rics.org
942 ## - ADDED ENTRY ELEMENTS (KOHA)
Suppress in OPAC 0
Holdings
Withdrawn status Lost status Source of classification or shelving scheme Damaged status Not for loan Home library Current library Shelving location Date acquired Total Checkouts Full call number Barcode Date last seen Copy number Price effective from Koha item type
    Dewey Decimal Classification     Virtual Virtual Online 17/04/2012   ONLINE PUBLICATION 155795-2001 06/08/2019 1 06/08/2019 Book